Building Intercultural Competence through Language Education

Salvato in:
Dettagli Bibliografici
Autore principale: Némethová, Ildikó, 1974-
Natura: Capitolo di libro
Lingua:inglese
Soggetti:
Tags: Aggiungi Tag
Nessun Tag, puoi essere il primo ad aggiungerne!!

MARC

LEADER 00000naa a2200000 4500
001 0200435
005 20240502083509.5
041 0 |a eng 
044 |a HU 
245 1 0 |a Building Intercultural Competence through Language Education  |c Ildikó Némethová 
610 2 0 |a komunikácia interkultúrna 
610 2 0 |a komunikácia sociálna 
610 2 0 |a jazyky cudzie 
610 2 0 |a rozmanitosť kultúrna 
610 2 0 |a štýl životný 
610 2 0 |a vzťahy interkultúrne 
100 1 |a Némethová, Ildikó, 1974-